000 00446nam a2200205Ia 4500
001 13850
003 GE_BSU
008 181216s||||||||xx |||||||||||||| ||und||
020 _a0007135696
040 _cGE_BSU
080 _a821.111-3
100 _aParsons,Tony
245 _aOne for my Bary
260 _aLondon
260 _bHarper Collins Publishers
260 _c2001
300 _a378p.18cm.
653 _aOne for my Bary
942 _cBK
999 _c46996
_d46996